Объектно-ориентированный анализ и программирование на VISUAL BASIC 2013: учебник для прикладного бакалавриата

Бібліографічні деталі
Автор: Казанский А. А. Александр Анатольевич
Резюме:Книга предназначена для изучения программирования и создания приложений для Windows на языке Microsoft Visual Basic 2013. Этот язык является полностью объектно-ориентированным и встроен в пакет Visual Studio, который представляет собой интегрированные средства визуального проектирования на платформе .NET. Framework. Изложение материала построено таким образом, чтобы сделать доступным его изучение как тем, у кого есть только начальные представления о программировании, так и тем, кто имеет опыт написания программ. Для этой цели после теоретических сведений представлен лабораторный практикум по ключевым темам программирова­ния на языке Visual Basic 2013. По каждой теме приведены задачи и их подробные решения. Рассмотрена также технология работы с графическим интерфейсом.Содержание учебника соответствует актуальным требованиям Федерального государственного образовательного стандарта высшего образования. Для студентов высших учебных заведений технических и экономических специальностей и всех тех, кто разрабатывает приложения для Windows на языке Visual Basic 2013.
Мова:Російська
Опубліковано: Москва, Юрайт, 2016
Серія:Бакалавр. Прикладной курс
Предмети:
Формат: MixedMaterials Книга
KOHA link:https://koha.lib.tpu.ru/cgi-bin/koha/opac-detail.pl?biblionumber=319361

MARC

LEADER 00000nam0a2200000 4500
001 319361
005 20231102003155.0
010 |a 9785991673051 
035 |a (RuTPU)RU\TPU\book\344870 
090 |a 319361 
100 |a 20160530d2016 m y0rusy50 ca 
101 0 |a rus 
102 |a RU 
105 |a a j 001zy 
200 1 |a Объектно-ориентированный анализ и программирование на VISUAL BASIC 2013  |e учебник для прикладного бакалавриата  |f А. А. Казанский 
210 |a Москва  |c Юрайт  |d 2016 
215 |a 291 с.  |c ил. 
225 1 |a Бакалавр. Прикладной курс 
320 |a Библиогр.: с. 290 
330 |a Книга предназначена для изучения программирования и создания приложений для Windows на языке Microsoft Visual Basic 2013. Этот язык является полностью объектно-ориентированным и встроен в пакет Visual Studio, который представляет собой интегрированные средства визуального проектирования на платформе .NET. Framework. Изложение материала построено таким образом, чтобы сделать доступным его изучение как тем, у кого есть только начальные представления о программировании, так и тем, кто имеет опыт написания программ. Для этой цели после теоретических сведений представлен лабораторный практикум по ключевым темам программирова­ния на языке Visual Basic 2013. По каждой теме приведены задачи и их подробные решения. Рассмотрена также технология работы с графическим интерфейсом.Содержание учебника соответствует актуальным требованиям Федерального государственного образовательного стандарта высшего образования. Для студентов высших учебных заведений технических и экономических специальностей и всех тех, кто разрабатывает приложения для Windows на языке Visual Basic 2013. 
606 1 |a Программирование объектно-ориентированное  |2 stltpush  |3 (RuTPU)RU\TPU\subj\51783  |9 70348 
610 1 |a языки программирования 
610 1 |a Visual Basic 2013 
610 1 |a Microsoft Visual Studio 
610 1 |a освоение 
610 1 |a учебники 
675 |a 004.42(075.8)  |v 4 
700 1 |a Казанский  |b А. А.  |g Александр Анатольевич 
801 1 |a RU  |b 63413507  |c 20160530 
801 2 |a RU  |b 63413507  |c 20161007  |g RCR 
900 |a Объектно-ориентированное программирование 
900 |a Программирование на языке высокого уровня 
942 |c BK 
951 |l 8.1 
959 |a 38/20160428  |d 1  |e 639,00  |f ЧЗТЛ:1